Measurement and instrumentation principles / (Record no. 594028)
[ view plain ]
| 000 -LEADER | |
|---|---|
| fixed length control field | 01152cam a22003135a 4500 |
| 001 - CONTROL NUMBER | |
| control field | 13711695 |
| 005 - DATE AND TIME OF LATEST TRANSACTION | |
| control field | 20230322103004.0 |
| 008 - FIXED-LENGTH DATA ELEMENTS--GENERAL INFORMATION | |
| fixed length control field | 040907s2001 enka b 001 0 eng d |
| 010 ## - LIBRARY OF CONGRESS CONTROL NUMBER | |
| LC control number | 2004315746 |
| 015 ## - NATIONAL BIBLIOGRAPHY NUMBER | |
| National bibliography number | GBA2-32311 |
| 020 ## - INTERNATIONAL STANDARD BOOK NUMBER | |
| International Standard Book Number | 0750650818 (pbk.) |
| 035 ## - SYSTEM CONTROL NUMBER | |
| System control number | (OCoLC)ocm46812553 |
| 040 ## - CATALOGING SOURCE | |
| Original cataloging agency | EUN |
| Transcribing agency | EUN |
| Modifying agency | SNN |
| -- | UKM |
| -- | DLC |
| 042 ## - AUTHENTICATION CODE | |
| Authentication code | lccopycat |
| 082 ## - DEWEY DECIMAL CLASSIFICATION NUMBER | |
| Classification number | 629 |
| Author Mark | MOR |
| 100 1# - MAIN ENTRY--PERSONAL NAME | |
| Personal name | Morris, Alan S., |
| Dates associated with a name | 1948- |
| 9 (RLIN) | 111016 |
| 245 10 - TITLE STATEMENT | |
| Title | Measurement and instrumentation principles / |
| Statement of responsibility, etc. | Alan S. Morris. |
| 246 14 - VARYING FORM OF TITLE | |
| Title proper/short title | Measurement & instrumentation principles |
| 260 ## - PUBLICATION, DISTRIBUTION, ETC. | |
| Place of publication, distribution, etc. | Oxford [England] ; |
| -- | Boston : |
| Name of publisher, distributor, etc. | Butterworth-Heinemann, |
| Date of publication, distribution, etc. | 2001. |
| 300 ## - PHYSICAL DESCRIPTION | |
| Extent | xix, 475 p. : |
| Other physical details | ill. ; |
| Dimensions | 25 cm. |
| 504 ## - BIBLIOGRAPHY, ETC. NOTE | |
| Bibliography, etc. note | Includes bibliographical references and index. |
| 650 #0 - SUBJECT ADDED ENTRY--TOPICAL TERM | |
| Topical term or geographic name entry element | Engineering instruments. |
| 650 #0 - SUBJECT ADDED ENTRY--TOPICAL TERM | |
| Topical term or geographic name entry element | Engineering |
| General subdivision | Measurement. |
| 9 (RLIN) | 111017 |
| 856 41 - ELECTRONIC LOCATION AND ACCESS | |
| Materials specified | Table of contents |
| Uniform Resource Identifier | <a href="http://www.loc.gov/catdir/toc/els051/2004315746.html">http://www.loc.gov/catdir/toc/els051/2004315746.html</a> |
| 856 42 - ELECTRONIC LOCATION AND ACCESS | |
| Materials specified | Publisher description |
| Uniform Resource Identifier | <a href="http://www.loc.gov/catdir/description/els051/2004315746.html">http://www.loc.gov/catdir/description/els051/2004315746.html</a> |
| 906 ## - LOCAL DATA ELEMENT F, LDF (RLIN) | |
| a | 0 |
| b | ibc |
| c | copycat |
| d | 2 |
| e | ncip |
| f | 20 |
| g | y-gencatlg |
| 942 ## - ADDED ENTRY ELEMENTS (KOHA) | |
| Source of classification or shelving scheme | |
| Koha item type | Book |
| Withdrawn status | Lost status | Source of classification or shelving scheme | Damaged status | Not for loan | Permanent Location | Current Location | Shelving location | Date acquired | Full call number | Barcode | Date last seen | Price effective from | Koha item type |
|---|---|---|---|---|---|---|---|---|---|---|---|---|---|
| School of Mechanical & Manufacturing Engineering (SMME) | School of Mechanical & Manufacturing Engineering (SMME) | Aerospace Engineering | 03/22/2023 | 629 MOR | SMME-4052 | 03/22/2023 | 03/22/2023 | Book |
